000
00239nam a22001217a 4500
041
_a
ENG
100
_a
Rao.K.L
245
_a
India's Water Wealth
260
_a
Delhi
_b
Orient Longman
_c
1998
300
_a
255
650
_a
48
856
_u
48
999
_c
3119
_d
3119